1543 1161 1832 1047 1297 1637 1152 1404 1449 1379 1178 1411 1782 1303 1490 1475 1751 1288 1254 1166 1052 1859 1392 1792 1407 1246 1949 1081 1940 1124 1684 1462 1236 1015 1085 1042 1985 1343 1163 1218 1306 1155 1122 1986 1621 1491 1710 1739 1703 1438 1937 1927 1381 1298 1405 1114 1981 1967 1506 1163 1062 1432 1607 1719 1925 1098 1637 1783 1295 1563 1597 1411 1948 1679 1329 1581 1496 1164 1182 1412 1039 1969 1536 1696 1832 1532 1936 1004 1320 1336 1525 1041 1930 1123 1088 1219 1047 1805 1939 BCNSPRNW ULIB Ver.6.0+V

เปลี่ยนเป็นภาษาไทย

Change to English
 แสดงรายละเอียดบรรณานุกรม
  กลับหน้าหลัก

Brief Record : Get Marc (ISO 2709) : E-mail record : QR code < ปิดหน้าต่าง
LEADER : 00000nam 2200000uu 4500
001    13399111863
003     ULIB
008    110711s2553||||th 000 0 tha d
020    9746428217
060 04 WY100^bม246อ 2553
110 2  มหาวิทยาลัยสุโขทัยธรรมาธิราช. ^bสาขาวิชาวิทยาศาสตร์สุขภาพ.
245 10 เอกสารการสอนชุดวิชาการรักษาพยาบาลเบื้องต้น หน่วยที่ 1-7 =^bPrimary Medical Care.^c สาขาวิชาวิทยาศาสตร์สุขภาพ มหาวิทยาลัยสุโขทัยธรรมาธิราช.
246 30 การรักษาพยาบาลเบื้องต้น
246 31 Primary Medical Care
250    พิมพ์ครั้งที่ 12
260    นนทบุรี :^bมหาวิทยาลัยสุโขทัยธรรมาธิราช,^c2553
300    478 หน้า :^bภาพประกอบ ;^c30 ซม.
500    เอกสารการสอนชุดวิชา ; v 50301.
500    สิ่งพิมพ์ของมหาวิทยาลัยสุโขทัยธรรมาธิราชสาขาวิชาวิทยาศาสตร์สุขภาพ
650  4 พยาบาลและการพยาบาล
650  4 เวชศาสตร์ป้องกัน
710 2  มหาวิทยาลัยสุโขทัยธรรมาธิราช. ^bสาขาวิชาวิทยาศาสตร์สุขภาพ
945    ^p0^l0^i18328
945    ^p0^l0^i18329
945    ^p0^l0^i18330
945    ^p0^l0^i18331
995    กัณชพร
999 ^a ใช้งานได้ทุกระบบ
รายการนี้ยังไม่มีแท็ก
คุณยังไม่ได้ล็อกอิน คุณสามารถมีกิจกรรมร่วมกับเว็บไซต์ได้ แต่ต้องล็อกอินก่อน ::
  ล็อกอิน

รายการสื่อสารสนเทศ

ลำดับที่ ประเภท เลขเรียก/บาร์โค้ด สถานที่ สถานะ
1. วิทยาศาสตร์การแพทย์ และสุขภาพ
วิทยาศาสตร์การแพทย์ และสุขภาพ
WY100 ม246อ 2553 ฉ.2 
  Barcode: 18329
ห้องสมุดวิทยาเขตนครสวรรค์
►ส่วนจัดเก็บหนังสือเก่า นว.
บนชั้น
  ขอยืม
2. วิทยาศาสตร์การแพทย์ และสุขภาพ
วิทยาศาสตร์การแพทย์ และสุขภาพ
WY100 ม246อ 2553 ฉ.3 
  Barcode: 18330
ห้องสมุดวิทยาเขตนครสวรรค์
►ส่วนจัดเก็บหนังสือเก่า นว.
บนชั้น
  ขอยืม
3. วิทยาศาสตร์การแพทย์ และสุขภาพ
วิทยาศาสตร์การแพทย์ และสุขภาพ
WY100 ม246อ 2553 ฉ.4 
  Barcode: 18331
ห้องสมุดวิทยาเขตนครสวรรค์
►ส่วนจัดเก็บหนังสือเก่า นว.
บนชั้น
  ขอยืม

รายการใกล้เคียง
    หัวเรื่อง [พยาบาลและการพยาบาล]
    หัวเรื่อง [เวชศาสตร์ป้องกัน]

BibComment


ยังไม่เคยถูกคอมเมนท์

คอมเมนท์ทรัพยากรรายการนี้
  คอมเมนท์: เอกสารการสอนชุดวิ..


 Copyright 2026. Bcnsprnw @Library